00449nam a22001218a 4500020001500000040000800015082002600023100001800049245001500067260004400082300002000126520018100146 a0689504284 cDLC a800 MAR 1987 A120 Or.1 aIrwin, Hadley10aKim/Kimi / aNew York :bM.K. McElderry Books,c1987 a200 p. ;c22 cm aDespite a warm relationship with her mother, stepfather, and half brother, sixteen-year-old Kim feels the need to find answers about the Japanese American father she never knew